Southville International School and Colleges
Your cart is empty.
  • Cart
  • Lists
    Public lists Eva Luna New books Lux_list list_1
    Your lists Log in to create your own lists
  • Log in to your account
  • Your cookies
  • Search history
Southville International School and Colleges
  • Advanced search
  • Recent comments
  • Most popular
  • Libraries

Log in to your account

Log in with GOOGLE


If you do not have an external account, but do have a local account, you can still log in:

  1. Home
  2. MARC view: Bunny play (The) /
Normal view MARC view ISBD view

Bunny play (The) / (Record no. 113362)

[ view plain ]
MARC details
000 -LEADER
fixed length control field 00609nam a2200193 a 4500
001 - CONTROL NUMBER
control field 0332
005 - DATE AND TIME OF LATEST TRANSACTION
control field 20140414132016.0
008 - FIXED-LENGTH DATA ELEMENTS--GENERAL INFORMATION
fixed length control field 040910s19uu xx 00 eng d
020 ## - INTERNATIONAL STANDARD BOOK NUMBER
International Standard Book Number 0-590-53755-5
050 ## - LIBRARY OF CONGRESS CALL NUMBER
Classification number TR
Item number B88 1988
100 ## - MAIN ENTRY--PERSONAL NAME
Personal name Leedy, Loreen
245 ## - TITLE STATEMENT
Title Bunny play (The) /
Statement of responsibility, etc written and illustrated by Loreen Leedy.
260 ## - PUBLICATION, DISTRIBUTION, ETC. (IMPRINT)
Place of publication, distribution, etc New York :
Name of publisher, distributor, etc Scholastic,
Date of publication, distribution, etc 1988.
300 ## - PHYSICAL DESCRIPTION
Extent 30 p. : ill. ; cm.
520 ## - SUMMARY, ETC.
Summary, etc The bunnies wants to put on a musical play that tell the story of Little red riding hood.
650 ## - SUBJECT ADDED ENTRY--TOPICAL TERM
Topical term or geographic name as entry element Stage play
General subdivision fiction.
650 ## - SUBJECT ADDED ENTRY--TOPICAL TERM
Topical term or geographic name as entry element Performance
General subdivision fiction.
Holdings
Withdrawn status Lost status Damaged status Use restrictions Home library Current library Shelving location Date acquired Source of acquisition Total Checkouts Full call number Barcode Date last seen Price effective from Koha item type
        Munich Library Munich Library Teachers Reference Section 09/10/2004     TR B88 1988 M4918 04/14/2014 04/14/2014 Books

Bunny play (The) /

APA

Leedy L., . (1988). Bunny play (The). New York: Scholastic.

Chicago

Leedy Loreen, . 1988. Bunny play (The). New York: Scholastic.

Harvard

Leedy L., . (1988). Bunny play (The). New York: Scholastic.

MLA

Leedy Loreen, . Bunny play (The). New York: Scholastic. 1988.

  • Place hold
  • Print
  • Cite
  • Add to your cart (remove)
  • Save record
    BIBTEX Dublin Core MARCXML MARC (non-Unicode/MARC-8) MARC (Unicode/UTF-8) MARC (Unicode/UTF-8, Standard) MODS (XML) RIS
  • More searches
    Search for this title in:
    Other Libraries (WorldCat) Other Databases (Google Scholar) Online Stores (Bookfinder.com) Open Library (openlibrary.org)

Exporting to Dublin Core...

SOUTHVILLE LIBRARY

Southville International School and Colleges Library

1281 Tropical Ave. Cor. Luxembourg St., BF Homes International, Las Pinas City

Tel. No. 8256374 / 252358 Loc. 117/146

Powered by Koha